[Event "15th Asian Continental"]
[Site "Tashkent UZB"]
[Date "2016.06.01"]
[Round "7.3"]
[White "Adhiban, Baskaran"]
[Black "Kostenko, Petr"]
[Result "1-0"]
[WhiteTitle "GM"]
[BlackTitle "GM"]
[WhiteElo "2665"]
[BlackElo "2457"]
[WhiteFideId "5018471"]
[BlackFideId "13700669"]
[EventDate "2016.05.26"]

1. e4 e6 2. d4 d5 3. Nc3 Nf6 4. Bg5 dxe4 5. Nxe4 Nbd7 6. Nf3 h6 7. Nxf6+ Nxf6 8.
Bh4 c5 9. Bc4 a6 10. O-O b5 11. Be2 Bb7 12. c4 bxc4 13. Ne5 Bd6 14. Qa4+ Ke7 15.
Rfd1 Qc7 16. Bf3 Bxf3 17. Nxf3 Rhb8 18. Ne5 Rxb2 19. Bg3 Ne4 20. Qa3 c3 21. Nd3
cxd4 22. Qa4 Bxg3 23. hxg3 Qd6 24. Nf4 Rd8 25. Re1 Nc5 26. Qc4 g5 27. Nd3 Nxd3
28. Qxd3 Qc5 29. Rac1 a5 30. a4 Rd2 31. Qh7 d3 32. Re3 Re2 33. Rf3 d2 34. Qxf7+
Kd6 35. Rd3+ Kc6 36. Qf3+ Rd5 37. Rcxc3 Re1+ 38. Kh2 d1=Q 39. Rxd1 Rxd1 40.
Rxc5+ Kxc5 41. Qf8+ Kc4 42. Qxh6 Re1 43. g4 Kb3 44. f4 gxf4 45. Qxf4 Ree5 46.
Kg3 Rc5 47. Kh2 Red5 48. Qe4 Ka3 49. Kh3 e5 50. g5 Rd4 51. Qe3+ Kxa4 52. g6 Kb4
53. g7 Rd8 54. Qe4+ Kb5 55. Qb1+ Kc4 56. Qa2+ Kb4 57. g8=Q Rxg8 58. Qxg8 a4 59.
Qb8+ Rb5 60. Qd6+ Rc5 61. Qb6+ Rb5 62. Qf2 a3 63. g4 Rc5 64. g5 Rc3+ 65. Kg2 Rc4
66. g6 Kb3 67. Qg3+ Kb2 68. g7 Rc2+ 69. Kh3 a2 70. g8=Q a1=Q 71. Q8b3+ 1-0

[Event "15th Asian Continental"]
[Site "Tashkent UZB"]
[Date "2016.06.01"]
[Round "7.4"]
[White "Ghaem Maghami, Ehsan"]
[Black "Ganguly, Surya Shekhar"]
[Result "1/2-1/2"]
[WhiteTitle "GM"]
[BlackTitle "GM"]
[WhiteElo "2551"]
[BlackElo "2654"]
[WhiteFideId "12500739"]
[BlackFideId "5002150"]
[EventDate "2016.05.26"]

1. Nf3 d5 2. d4 Nf6 3. c4 e6 4. e3 c5 5. Nc3 Nc6 6. a3 a6 7. dxc5 Bxc5 8. b4 Bd6
9. Bb2 O-O 10. Rc1 h6 11. Bd3 1/2-1/2

[Event "15th Asian Continental"]
[Site "Tashkent UZB"]
[Date "2016.06.01"]
[Round "7.6"]
[White "Xu, Yinglun"]
[Black "Vidit, Santosh Gujrathi"]
[Result "1/2-1/2"]
[BlackTitle "GM"]
[WhiteElo "2531"]
[BlackElo "2658"]
[WhiteFideId "8604940"]
[BlackFideId "5029465"]
[EventDate "2016.05.26"]

1. d4 Nf6 2. c4 c5 3. d5 b5 4. cxb5 a6 5. bxa6 g6 6. Nc3 Bg7 7. Nf3 O-O 8. g3 d6
9. Bg2 Nbd7 10. O-O Nb6 11. Re1 Bxa6 12. Nd2 Bb7 13. e4 Nfd7 14. Nf3 Nc4 15. Bf1
Ba6 16. Qc2 Qa5 17. Bxc4 Bxc4 18. Bf4 Bxc3 19. bxc3 Qa6 20. Qd1 Nb6 21. h4 f6
22. Nd2 Bd3 23. Bh6 Rfb8 24. a4 Nc4 25. Nxc4 Bxc4 26. Qg4 Qc8 27. Qxc8+ Rxc8 28.
Reb1 Rc7 29. f3 Kf7 30. Kf2 Ke8 31. a5 Kd7 32. Ke3 Rca7 33. g4 Kc7 34. Ra4 Ba6
35. g5 Bc8 36. gxf6 exf6 37. Bg7 f5 38. e5 Rxa5 39. Rxa5 Rxa5 40. exd6+ Kxd6 41.
c4 Ra4 42. Bf8+ Kd7 43. Rc1 Ba6 44. Kd3 Ra3+ 45. Rc3 Ra5 46. Rc1 Ra3+ 47. Rc3
Ra5 1/2-1/2

[Event "15th Asian Continental"]
[Site "Tashkent UZB"]
[Date "2016.06.01"]
[Round "7.7"]
[White "Megaranto, Susanto"]
[Black "Sethuraman, S.P."]
[Result "0-1"]
[WhiteTitle "GM"]
[BlackTitle "GM"]
[WhiteElo "2527"]
[BlackElo "2647"]
[WhiteFideId "7101384"]
[BlackFideId "5021596"]
[EventDate "2016.05.26"]

1. e4 c5 2. Nf3 d6 3. c3 Nf6 4. Bd3 Nc6 5. Bc2 g6 6. h3 Bg7 7. O-O O-O 8. d4 d5
9. exd5 Qxd5 10. dxc5 Qxc5 11. Nbd2 Bf5 12. Nb3 Qd5 13. Bxf5 Qxf5 14. Nfd4 Qd7
15. Bg5 Nd5 16. Re1 Ne5 17. Bh6 Bxh6 18. Rxe5 Rad8 19. Qf3 e6 20. Ree1 Bg7 21.
Nc2 Qc7 22. Ne3 Nf4 23. Red1 h5 24. Rxd8 Rxd8 25. Rd1 Be5 26. Nc1 b5 27. Rxd8+
Qxd8 28. Qd1 Qg5 29. Kh1 Qf6 30. Kg1 Qg5 31. Kh1 Bc7 32. Ne2 Nxe2 33. Qxe2 Qe5
34. g3 h4 35. Qf3 hxg3 36. Ng4 Qe1+ 37. Kg2 gxf2 38. Qxf2 Qxf2+ 39. Nxf2 f5 40.
Nd3 Kf7 41. a4 bxa4 42. Nc5 a3 0-1

[Event "15th Asian Continental"]
[Site "Tashkent UZB"]
[Date "2016.06.01"]
[Round "7.8"]
[White "Igonin, Temur"]
[Black "Nguyen, Ngoc Truong Son"]
[Result "0-1"]
[WhiteTitle "FM"]
[BlackTitle "GM"]
[WhiteElo "2474"]
[BlackElo "2636"]
[WhiteFideId "14203049"]
[BlackFideId "12401110"]
[EventDate "2016.05.26"]

1. e4 e5 2. Nf3 Nc6 3. Bc4 Bc5 4. O-O Nf6 5. d3 O-O 6. Nbd2 d6 7. c3 a5 8. h3
Be6 9. Re1 a4 10. Bb5 Qb8 11. Nf1 Qa7 12. Be3 Bxe3 13. Nxe3 Qb6 14. Bxc6 bxc6
15. Re2 c5 16. d4 a3 17. d5 axb2 18. Rb1 Bd7 19. Rexb2 Qa6 20. Nd2 Qd3 21. Qc2
Qxc2 22. Rxc2 Ra4 23. Rb7 Rc8 24. f3 Kf8 25. Ndc4 Ke8 26. Rcb2 Kd8 27. g4 Rca8
28. Rb8+ Rxb8 29. Rxb8+ Bc8 30. a3 Nd7 31. Rb3 Ra8 32. h4 h5 33. Kf2 Nf6 34. g5
Ng8 35. Nf5 Bxf5 36. exf5 Ne7 37. Ne3 c4 38. Rb4 Rxa3 39. Rb8+ Nc8 40. f6 gxf6
41. gxf6 Rxc3 42. Nf5 Rb3 43. Ra8 c3 44. Ke2 c2 45. Kd2 Kd7 46. Ng7 Rxf3 47.
Nxh5 Nb6 48. Rf8 Rf2+ 49. Kc1 Nxd5 50. Rxf7+ Kc6 51. Rg7 Nb4 0-1

[Event "15th Asian Continental"]
[Site "Tashkent UZB"]
[Date "2016.06.01"]
[Round "7.9"]
[White "Fang, Yan"]
[Black "Lu, Shanglei"]
[Result "1/2-1/2"]
[BlackTitle "GM"]
[WhiteElo "2354"]
[BlackElo "2614"]
[WhiteFideId "8604746"]
[BlackFideId "8603332"]
[EventDate "2016.05.26"]

1. e4 c5 2. Nf3 d6 3. d4 cxd4 4. Nxd4 Nf6 5. Nc3 a6 6. Bc4 e6 7. Bb3 Nbd7 8. f4
Nc5 9. e5 Nfd7 10. exd6 Nf6 11. Be3 Bxd6 12. Qf3 O-O 13. O-O-O Qc7 14. Kb1 Be7
15. g4 b6 16. Rhf1 Bb7 17. Qe2 Rfe8 18. f5 e5 19. Ne6 fxe6 20. Bxc5 Qxc5 21. g5
Kh8 22. gxf6 Bxf6 23. fxe6 Rad8 24. Ne4 Bxe4 25. Qxe4 Rd4 26. Rxd4 1/2-1/2

[Event "15th Asian Continental"]
[Site "Tashkent UZB"]
[Date "2016.06.01"]
[Round "7.10"]
[White "Kazhgaleyev, Murtas"]
[Black "Sengupta, Deep"]
[Result "1/2-1/2"]
[WhiteTitle "GM"]
[BlackTitle "GM"]
[WhiteElo "2582"]
[BlackElo "2543"]
[WhiteFideId "13700316"]
[BlackFideId "5008352"]
[EventDate "2016.05.26"]

1. d4 Nf6 2. c4 e6 3. Nc3 Bb4 4. e3 O-O 5. Bd3 d5 6. Ne2 c5 7. cxd5 cxd4 8. exd4
Nxd5 9. O-O Nc6 10. Nxd5 exd5 11. Nf4 Bd6 12. Re1 Bxf4 13. Bxf4 Qh4 14. Qd2 Bd7
15. g3 Qh5 16. b4 a6 17. a4 Rfe8 18. Bf1 f6 19. b5 axb5 20. axb5 Rxa1 21. Rxa1
Nd8 22. Qb4 Bh3 23. Bxh3 Qxh3 24. Qd6 Qe6 25. Ra8 Qe1+ 26. Kg2 Qe4+ 27. Kh3 Qf5+
28. g4 Qd3+ 29. Kg2 Qe4+ 30. Kg3 g5 31. Be3 f5 32. gxf5 Qh4+ 33. Kg2 Qe4+ 34.
Kf1 Qb1+ 35. Kg2 Qe4+ 36. Kg1 Qb1+ 37. Bc1 Re1+ 38. Kg2 Qe4+ 39. Kh3 Qxf5+ 40.
Kg2 Qe4+ 41. Kh3 Qf5+ 42. Kg2 Qe4+ 43. Kh3 1/2-1/2

[Event "15th Asian Continental"]
[Site "Tashkent UZB"]
[Date "2016.06.01"]
[Round "7.11"]
[White "Gao, Rui"]
[Black "Wang, Yiye"]
[Result "1-0"]
[WhiteTitle "GM"]
[BlackTitle "IM"]
[WhiteElo "2556"]
[BlackElo "2442"]
[WhiteFideId "8602387"]
[BlackFideId "8606021"]
[EventDate "2016.05.26"]

1. e4 e6 2. d4 d5 3. Nd2 dxe4 4. Nxe4 Bd7 5. Nf3 Bc6 6. Bd3 Nd7 7. Qe2 Ngf6 8.
Neg5 Qe7 9. O-O h6 10. Ne4 Nxe4 11. Bxe4 Bxe4 12. Qxe4 O-O-O 13. Re1 Qd6 14. Bf4
Qc6 15. Qxc6 bxc6 16. Rad1 Bd6 17. Be3 g5 18. h3 Rhg8 19. g3 c5 20. Kg2 cxd4 21.
Nxd4 a6 22. Nc6 Rde8 23. Bd2 e5 24. c4 Re6 25. b4 Rge8 26. b5 Bc5 27. Bc3 Nb6
28. Rxe5 Rxe5 29. Nxe5 axb5 30. cxb5 Bb4 31. Ba1 1-0

[Event "15th Asian Continental"]
[Site "Tashkent UZB"]
[Date "2016.06.01"]
[Round "7.12"]
[White "Xu, Yi"]
[Black "Gupta, Abhijeet"]
[Result "1/2-1/2"]
[WhiteTitle "FM"]
[BlackTitle "GM"]
[WhiteElo "2396"]
[BlackElo "2654"]
[WhiteFideId "8605564"]
[BlackFideId "5010608"]
[EventDate "2016.05.26"]

1. e4 c5 2. Nf3 d6 3. Bb5+ Nd7 4. O-O a6 5. Bd3 Ngf6 6. Re1 b5 7. c4 g5 8. Nxg5
Ne5 9. Be2 bxc4 10. Nc3 Rg8 11. d4 cxd3 12. Bxd3 h6 13. Nf3 Nfg4 14. Be2 Nxf3+
15. Bxf3 Ne5 16. Bh5 Bh3 17. g3 Bg7 18. Nd5 Rb8 19. f4 Ng4 20. e5 dxe5 21. Bxg4
Bxg4 22. Qxg4 Qxd5 23. fxe5 Qd4+ 24. Qxd4 cxd4 25. b3 Kd7 26. Bb2 Ke6 27. Rad1
Rgc8 28. Re2 Bxe5 29. Bxd4 Rb5 30. Rde1 f6 31. Bxe5 fxe5 32. Kg2 Rc3 33. Kf2 Ra5
34. Rd2 Rc6 35. Kf3 Rd6 36. Rc2 Rd4 37. Rc6+ Rd6 38. Rc2 Rad5 39. Kf2 Kf5 40.
Rc4 Rd4 41. Rxd4 exd4 42. Rxe7 Rc6 43. Ke2 Rc2+ 44. Kd3 Rxa2 45. Kxd4 Rxh2 1/2-1/2

[Event "15th Asian Continental"]
[Site "Tashkent UZB"]
[Date "2016.06.02"]
[Round "8.1"]
[White "Adhiban, Baskaran"]
[Black "Le, Quang Liem"]
[Result "0-1"]
[WhiteTitle "GM"]
[BlackTitle "GM"]
[WhiteElo "2665"]
[BlackElo "2718"]
[WhiteFideId "5018471"]
[BlackFideId "12401137"]
[EventDate "2016.05.26"]

1. e4 e5 2. Nf3 Nc6 3. Bc4 Bc5 4. b4 Bxb4 5. c3 Ba5 6. d4 d6 7. Qb3 Qd7 8. Nbd2
Bb6 9. O-O Na5 10. Qc2 Ne7 11. dxe5 O-O 12. Ba3 Ng6 13. exd6 cxd6 14. Nd4 Bc5
15. Bb4 Nxc4 16. Nxc4 Bxb4 17. cxb4 d5 18. exd5 Qxd5 19. Rfd1 Bg4 20. f3 Rac8
21. Rac1 Be6 22. Nxe6 Qxe6 23. Qe4 Qa6 24. a3 h6 25. Na5 b6 26. Nc4 Rc7 27. Rc2
Rfc8 28. Rdc1 Qa4 29. Kf2 Re8 30. Qf5 Re6 31. g3 b5 32. Ne3 Rxc2+ 33. Qxc2 Qxa3
34. Qc3 Qxc3 35. Rxc3 Ne7 36. f4 Kf8 37. Ng4 Nc6 38. f5 Rd6 39. f6 g6 40. Kg2
Re6 41. Nxh6 Rxf6 42. g4 Rd6 43. g5 Ke8 44. Rf3 Rd2+ 45. Kg1 Rd7 46. Rf4 Nd4 47.
Rf6 Ne2+ 48. Kg2 Nc3 49. Rc6 Nd5 50. Rc5 a6 51. Ng4 Ke7 52. Ne5 Rd6 53. Kf3 Nxb4
54. Rc7+ Ke6 55. Nxf7 Rd2 56. h4 Nd5 57. Nd8+ Ke5 58. Nf7+ Kd4 59. Rc6 b4 60.
Rxg6 b3 61. Rg8 b2 62. Rb8 Kc5 63. Rc8+ Nc7 64. Rxc7+ Kb6 65. Rc8 Kb7 66. Rd8
Rxd8 67. Nxd8+ Kc8 68. Ne6 b1=Q 69. Nf4 Kd7 70. h5 Qf5 71. g6 Qg5 72. Ke4 Kd6
73. Kd4 0-1

[Event "15th Asian Continental"]
[Site "Tashkent UZB"]
[Date "2016.06.02"]
[Round "8.3"]
[White "Ganguly, Surya Shekhar"]
[Black "Wen, Yang"]
[Result "1/2-1/2"]
[WhiteTitle "GM"]
[BlackTitle "GM"]
[WhiteElo "2654"]
[BlackElo "2611"]
[WhiteFideId "5002150"]
[BlackFideId "8602956"]
[EventDate "2016.05.26"]

1. e4 e5 2. Nf3 Nc6 3. Bb5 Nf6 4. O-O Nxe4 5. d4 Nd6 6. Bxc6 dxc6 7. dxe5 Nf5 8.
Qxd8+ Kxd8 9. Rd1+ Ke8 10. Nc3 h6 11. h3 Be6 12. g4 Ne7 13. Nd4 Bd7 14. Ne4 Ng6
15. Ng3 c5 16. Ndf5 h5 17. Re1 hxg4 18. hxg4 Nh4 19. Nxh4 Rxh4 20. f3 Be7 21.
Nh5 Kf8 22. Kg2 Bc6 23. Kg3 Rd8 24. Bf4 g6 25. Nf6 Rh8 26. Bg5 Kg7 27. Rad1 Rxd1
28. Rxd1 Rd8 29. Rh1 Rh8 30. Rd1 Rd8 31. Re1 Rh8 32. a3 c4 33. Ne4 Bxg5 34. Nxg5
Kf8 35. Re2 Ke7 36. Rh2 Rxh2 37. Kxh2 c3 38. bxc3 Ba4 39. Kg3 Bxc2 40. Kf4 b6
41. Ke3 c5 42. Ne4 Ke6 43. f4 Bd1 44. Nf2 Bb3 45. Ne4 Bd1 46. Ng5+ Ke7 47. f5
Bxg4 48. f6+ Ke8 49. Ke4 Be6 50. Nxe6 fxe6 51. c4 g5 52. a4 Kf7 53. Kf3 Kg6 54.
Kg4 a6 55. Kf3 Kh6 56. Kg4 Kg6 57. Kf3 Kh6 1/2-1/2

[Event "15th Asian Continental"]
[Site "Tashkent UZB"]
[Date "2016.06.02"]
[Round "8.4"]
[White "Sethuraman, S.P."]
[Black "Vakhidov, Jahongir"]
[Result "1-0"]
[WhiteTitle "GM"]
[BlackTitle "GM"]
[WhiteElo "2647"]
[BlackElo "2578"]
[WhiteFideId "5021596"]
[BlackFideId "14201801"]
[EventDate "2016.05.26"]

1. d4 Nf6 2. c4 g6 3. Nc3 Bg7 4. e4 d6 5. Be2 O-O 6. Nf3 Bg4 7. Be3 Nfd7 8. Rc1
a6 9. d5 Bxf3 10. Bxf3 Nb6 11. Be2 N8d7 12. Qd2 Qe8 13. O-O Rc8 14. b4 Ne5 15.
Nd1 c5 16. bxc5 Na4 17. cxd6 exd6 18. Qb4 Nc5 19. Bxc5 Rxc5 20. Qxb7 Qa4 21. Nc3
Qa5 22. Qb3 Rcc8 23. a3 Rb8 24. Qa4 Qc5 25. Kh1 g5 26. Qxa6 Rb3 27. Qa4 Rxa3 28.
Qb5 Rc8 29. Qxc5 Rxc5 30. Nb5 Ra2 31. Rfe1 Ng6 32. Nxd6 Bd4 33. Bf1 Bxf2 34. Re2
Rca5 35. Nb7 Rxe2 36. Bxe2 Ra7 37. c5 Be3 38. Rb1 Ra2 39. Bc4 Rc2 40. Bb3 Rc3
41. d6 Ne5 42. Ba4 g4 43. d7 Bg5 44. Rd1 Nd3 45. Kg1 Kg7 46. c6 Nb2 47. Rd5 1-0

[Event "15th Asian Continental"]
[Site "Tashkent UZB"]
[Date "2016.06.02"]
[Round "8.5"]
[White "Nguyen, Ngoc Truong Son"]
[Black "Ghaem Maghami, Ehsan"]
[Result "1/2-1/2"]
[WhiteTitle "GM"]
[BlackTitle "GM"]
[WhiteElo "2636"]
[BlackElo "2551"]
[WhiteFideId "12401110"]
[BlackFideId "12500739"]
[EventDate "2016.05.26"]

1. d4 Nf6 2. c4 e6 3. Nf3 d5 4. g3 Bb4+ 5. Bd2 Be7 6. Bg2 O-O 7. O-O c6 8. Qc2
Nbd7 9. Rd1 b6 10. Ne5 Nxe5 11. dxe5 Nd7 12. cxd5 cxd5 13. Bc3 Qc7 14. f4 Bb7
15. Qd2 Rac8 16. Bd4 f6 17. exf6 Bxf6 18. Nc3 Bxd4+ 19. Qxd4 Qc5 20. Rd2 Qxd4+
21. Rxd4 Nf6 22. Rd2 Rc5 23. Bf3 h6 24. Rad1 Kf7 25. e3 Rfc8 26. Ne2 Ke7 27. Nd4
Rc1 28. Kf2 Ba6 29. Rxc1 Rxc1 30. Rd1 Rxd1 31. Bxd1 Kd6 32. Ke1 Bc4 33. a3 a5
34. b4 1/2-1/2

[Event "15th Asian Continental"]
[Site "Tashkent UZB"]
[Date "2016.06.02"]
[Round "8.6"]
[White "Vidit, Santosh Gujrathi"]
[Black "Gao, Rui"]
[Result "1-0"]
[WhiteTitle "GM"]
[BlackTitle "GM"]
[WhiteElo "2658"]
[BlackElo "2556"]
[WhiteFideId "5029465"]
[BlackFideId "8602387"]
[EventDate "2016.05.26"]

1. Nf3 d5 2. d4 Nf6 3. c4 c6 4. Nc3 dxc4 5. a4 e6 6. e4 Bb4 7. Bg5 Bxc3+ 8. bxc3
Qa5 9. e5 Ne4 10. Rc1 Qd5 11. Be3 O-O 12. Be2 f5 13. exf6 Nxf6 14. O-O Nbd7 15.
Nd2 Nb6 16. Qc2 Kh8 17. Ra1 Qf5 18. Qb2 e5 19. a5 Nbd5 20. Nxc4 exd4 21. Bxd4
Nf4 22. Bf3 Qg5 23. Ne3 Ng6 24. Bxf6 Rxf6 25. Be4 Qe5 26. Ra4 Rb8 27. Rd1 Qe7
28. Bxg6 Rxg6 29. Qa3 Qe8 30. Re4 Be6 31. Qd6 Qg8 32. Qc7 Rf6 33. h4 Rff8 34.
Qd6 Rbe8 35. Rdd4 Bc8 36. Rxe8 Rxe8 37. Qc7 Qf8 38. Rf4 Qc5 39. Nc4 Be6 40. Nd6
Rg8 41. c4 Qa3 42. Re4 h5 43. Qe7 Qc1+ 44. Kh2 Bc8 45. Nf7+ Kh7 46. Ng5+ 1-0

[Event "15th Asian Continental"]
[Site "Tashkent UZB"]
[Date "2016.06.02"]
[Round "8.7"]
[White "Ni, Hua"]
[Black "Aravindh, Chithambaram VR."]
[Result "0-1"]
[WhiteTitle "GM"]
[BlackTitle "GM"]
[WhiteElo "2682"]
[BlackElo "2528"]
[WhiteFideId "8601160"]
[BlackFideId "5072786"]
[EventDate "2016.05.26"]

1. e4 c5 2. Nf3 Nc6 3. Bb5 g6 4. Bxc6 dxc6 5. d3 Bg7 6. h3 Nh6 7. Nc3 f6 8. O-O
b6 9. Be3 e5 10. a3 Nf7 11. b4 f5 12. exf5 gxf5 13. bxc5 O-O 14. Qe1 Re8 15. Rd1
Qe7 16. Ne2 b5 17. Qb4 Be6 18. Qh4 Qxh4 19. Nxh4 f4 20. Bc1 Bf8 21. Rfe1 Bxc5
22. Bb2 Bd5 23. Nc3 Rad8 24. Ne4 Bxe4 25. Rxe4 Bd4 26. c3 Bb6 27. Nf3 c5 28. c4
bxc4 29. Rxc4 e4 30. Ne1 Nd6 31. Rcc1 e3 32. Nf3 c4 33. d4 Rc8 34. Re1 c3 35.
Ba1 Nb5 36. fxe3 fxe3 37. Kf1 Nxd4 38. Nxd4 Bxd4 39. Ke2 Rf8 40. Kd3 Rfd8 41.
Kc2 Be5 42. Rxe3 Bf4 43. Rf3 Bxc1 44. Kxc1 Rd2 45. Rg3+ Kf7 46. Bxc3 Ra2 47. Kb1
Rxa3 48. Rg7+ Ke6 49. Bd4 Rb3+ 50. Ka2 Rb4 51. Be3 Rcb8 52. Rxa7 Rb2+ 53. Ka1
Rb1+ 54. Ka2 R8b2+ 55. Ka3 Rb3+ 56. Ka2 R1b2+ 57. Ka1 Rxg2 0-1

[Event "15th Asian Continental"]
[Site "Tashkent UZB"]
[Date "2016.06.02"]
[Round "8.9"]
[White "Lu, Shanglei"]
[Black "Gundavaa, Bayarsaikhan"]
[Result "1-0"]
[WhiteTitle "GM"]
[BlackTitle "GM"]
[WhiteElo "2614"]
[BlackElo "2499"]
[WhiteFideId "8603332"]
[BlackFideId "4901045"]
[EventDate "2016.05.26"]

1. e4 e5 2. Nf3 Nc6 3. g3 Bc5 4. Bg2 d6 5. O-O Nf6 6. c3 Bb6 7. d3 h6 8. Nbd2
Be6 9. b4 O-O 10. a4 a6 11. Bb2 Re8 12. Re1 Qd7 13. d4 exd4 14. cxd4 d5 15. e5
Ne4 16. Nxe4 dxe4 17. Rxe4 Nxb4 18. a5 Ba7 19. Qd2 Nc6 20. Rh4 Rad8 21. Re1 Bd5
22. Qc3 Ne7 23. e6 fxe6 24. Ne5 Qb5 25. Bf1 Qb3 26. Qc1 Nc6 27. Re3 Qa4 28. Rg4
Rf8 29. Nxc6 Qxc6 30. Rc3 Qe8 31. Rxc7 Rd7 32. Rxd7 Qxd7 33. Qxh6 Qf7 34. f4 Be4
35. Bc4 Bf5 36. Rg5 Rd8 37. g4 Bxd4+ 38. Bxd4 Rxd4 39. gxf5 Rxc4 40. f6 Rc1+ 41.
Kg2 1-0

[Event "15th Asian Continental"]
[Site "Tashkent UZB"]
[Date "2016.06.02"]
[Round "8.10"]
[White "Kostenko, Petr"]
[Black "Kazhgaleyev, Murtas"]
[Result "0-1"]
[WhiteTitle "GM"]
[BlackTitle "GM"]
[WhiteElo "2457"]
[BlackElo "2582"]
[WhiteFideId "13700669"]
[BlackFideId "13700316"]
[EventDate "2016.05.26"]

1. e4 e5 2. Nf3 Nc6 3. Bb5 a6 4. Ba4 Nf6 5. O-O Be7 6. Re1 b5 7. Bb3 d6 8. c3
O-O 9. d4 Bg4 10. Be3 exd4 11. cxd4 Na5 12. Bc2 c5 13. h3 Bh5 14. g4 Bg6 15.
Nbd2 cxd4 16. Nxd4 d5 17. e5 Ne4 18. Nxe4 dxe4 19. Nf5 Bb4 20. Re2 Bxf5 21. gxf5
Qh4 22. Qd4 Qxh3 23. Qxe4 Rac8 24. b3 Bc3 25. Rf1 Nc4 26. e6 Ne5 27. exf7+ Nxf7
28. Bf4 Bd4 29. Rd1 Rxc2 30. Qxc2 Qg4+ 31. Kf1 Qxf4 32. Qe4 Qxe4 33. Rxe4 Bc3
34. Rd3 b4 35. f6 g6 36. Re6 Ng5 37. Rxa6 Ne4 38. Kg2 Nc5 39. Rxc3 bxc3 40. Rc6
Ne4 41. Rc4 Nxf6 42. Rxc3 Nd5 43. Rc4 Kf7 44. Rh4 h5 45. Ra4 Ke6 46. Kg3 g5 47.
f3 h4+ 48. Kg2 Nf4+ 49. Kf2 Rc8 50. Ke3 Ke5 51. Re4+ Kf5 52. Kd4 Ne6+ 53. Kd5
Rd8+ 54. Kc6 Rd1 55. Kb6 Nd4 56. b4 h3 0-1

[Event "15th Asian Continental"]
[Site "Tashkent UZB"]
[Date "2016.06.02"]
[Round "8.11"]
[White "Tin, Jingyao"]
[Black "Bai, Jinshi"]
[Result "1/2-1/2"]
[WhiteTitle "IM"]
[BlackTitle "GM"]
[WhiteElo "2427"]
[BlackElo "2567"]
[WhiteFideId "5804418"]
[BlackFideId "8602280"]
[EventDate "2016.05.26"]

1. d4 Nf6 2. c4 g6 3. Nc3 d5 4. Nf3 Bg7 5. Qb3 dxc4 6. Qxc4 O-O 7. e4 Na6 8. Be2
c5 9. d5 e6 10. O-O exd5 11. exd5 Re8 12. Be3 b6 13. Rad1 Nb4 14. Qb3 Bf5 15.
Ne1 Ng4 16. Bxg4 Bxg4 17. Rd2 Bf5 18. a3 Na6 19. Qc4 Nb8 20. Nf3 Nd7 21. Rfd1
Nf6 22. d6 Qd7 23. Bg5 Ne4 24. Nxe4 Bxe4 25. Ne1 Bf8 26. h3 Re6 27. Nd3 Rae8 28.
Nf4 Rxd6 29. Rxd6 Bxd6 30. f3 Qf5 31. Qa4 b5 32. Qxb5 Rb8 33. Qa6 Bxf4 34. Bxf4
Qxf4 35. fxe4 Qxe4 36. Qf6 Re8 37. Rd7 Qe3+ 38. Kh2 Qb3 39. Qf4 a5 40. Ra7 a4
41. Rxa4 Qxb2 42. Ra7 Qe5 43. Rxf7 Qxf4+ 44. Rxf4 Rc8 45. a4 c4 46. a5 c3 47.
Rf1 c2 48. Rc1 Kf7 49. a6 h5 50. a7 Ra8 51. Rxc2 Rxa7 52. Rc6 1/2-1/2

[Event "15th Asian Continental"]
[Site "Tashkent UZB"]
[Date "2016.06.02"]
[Round "8.12"]
[White "Sengupta, Deep"]
[Black "Omar, Noaman"]
[Result "1-0"]
[WhiteTitle "GM"]
[BlackTitle "IM"]
[WhiteElo "2543"]
[BlackElo "2377"]
[WhiteFideId "5008352"]
[BlackFideId "9300244"]
[EventDate "2016.05.26"]

1. e4 c5 2. Nf3 e6 3. d4 cxd4 4. Nxd4 a6 5. Be2 Nf6 6. Nc3 Qc7 7. f4 Bb4 8. e5
Ne4 9. O-O Nxc3 10. bxc3 Bxc3 11. Rb1 b5 12. Bf3 Bb7 13. Ne2 Ba5 14. Ng3 O-O 15.
Bxb7 Qxb7 16. Qg4 Kh8 17. Rb3 Nc6 18. Nh5 Rg8 19. Rh3 Bb6+ 20. Kh1 Nd4 21. Ng3
h6 22. Qg5 Rgc8 23. Rxh6+ Kg8 24. Nh5 1-0

[Event "15th Asian Continental"]
[Site "Tashkent UZB"]
[Date "2016.06.03"]
[Round "9.2"]
[White "Le, Quang Liem"]
[Black "Ganguly, Surya Shekhar"]
[Result "0-1"]
[WhiteTitle "GM"]
[BlackTitle "GM"]
[WhiteElo "2718"]
[BlackElo "2654"]
[WhiteFideId "12401137"]
[BlackFideId "5002150"]
[EventDate "2016.05.26"]

1. d4 Nf6 2. c4 e6 3. Nf3 d5 4. Nc3 c6 5. e3 Nbd7 6. Qc2 Bd6 7. Bd3 O-O 8. O-O
dxc4 9. Bxc4 b5 10. Be2 Qe7 11. a3 a6 12. Ng5 Bb7 13. Bf3 Rfc8 14. Bd2 h6 15.
Nge4 Nxe4 16. Bxe4 Nf6 17. Rfd1 c5 18. Bxb7 Qxb7 19. Be1 cxd4 20. Rxd4 Be5 21.
Rd3 Ne4 22. Rc1 a5 23. Qd1 Nc5 24. Rd2 a4 25. Rcc2 Bf6 26. Qf3 b4 27. axb4 Qxb4
28. Nd1 Nd3 29. Rxc8+ Rxc8 30. Qe2 Nxe1 31. Qxe1 Rc1 32. g3 Qb3 33. Qe2 Bxb2 34.
Rxb2 Qxd1+ 35. Qxd1 Rxd1+ 36. Kg2 Rd8 37. Ra2 Ra8 38. Kf3 g5 39. Ke4 g4 40. Kf4
h5 41. Kg5 Ra5+ 42. Kh6 Kf8 43. e4 Ke7 44. e5 f5 45. Kg7 a3 46. Kg6 Kd7 47. Kf6
Ra6 48. Kf7 Ra5 49. Kf6 Ra4 50. Kf7 f4 51. Kf6 f3 52. Kf7 Ra6 53. Kf6 Ra5 54.
Kf7 Ra8 55. Kf6 Kc6 56. Kxe6 Kc5 57. Kf7 Kb4 58. Ra1 a2 59. Kg6 Kb3 60. Kxh5 Rg8
61. Rd1 Kc2 62. Re1 Kb2 63. e6 a1=Q 64. Rxa1 Kxa1 65. e7 Kb2 66. e8=Q Rxe8 67.
Kxg4 Kc3 68. Kxf3 Kd4 69. Kf4 Rf8+ 70. Kg5 Rxf2 71. h4 Ke5 72. h5 Ke6 73. g4 Kf7
74. Kh6 Rg2 75. g5 Rg1 76. g6+ Kg8 77. g7 Ra1 0-1

[Event "15th Asian Continental"]
[Site "Tashkent UZB"]
[Date "2016.06.03"]
[Round "9.3"]
[White "Ghaem Maghami, Ehsan"]
[Black "Adhiban, Baskaran"]
[Result "1/2-1/2"]
[WhiteTitle "GM"]
[BlackTitle "GM"]
[WhiteElo "2551"]
[BlackElo "2665"]
[WhiteFideId "12500739"]
[BlackFideId "5018471"]
[EventDate "2016.05.26"]

1. c4 Nf6 2. Nc3 g6 3. e4 d6 4. d4 Bg7 5. Be2 O-O 6. Be3 e5 7. d5 Na6 8. h4 Nc5
9. Qc2 Qe8 10. h5 a5 11. Bf3 Na6 12. Qd2 Nxh5 13. Bh6 f5 14. Bxg7 Kxg7 15. exf5
Rxf5 16. Ne4 Nc5 17. Nxc5 dxc5 18. Bxh5 gxh5 19. O-O-O Ra6 20. Nf3 Qa4 21. Qc3
Qxa2 22. Rde1 Raf6 23. Rh4 Qa1+ 24. Kd2 Qa4 25. Rxe5 Rxe5 26. Qxe5 Bf5 1/2-1/2